| 000 | 00496ntaaa2200193 4500 | ||
|---|---|---|---|
| 003 | 01 | ||
| 005 | 20251027203134.0 | ||
| 008 | 0714s1973 ag 01 | ||
| 040 |
_aAR-BaBN _bspa _cAR-BaBN _eaacr _dRIC |
||
| 082 | _a787.1000 P26 | ||
| 100 |
_aPasquali, G. _932857 |
||
| 245 | _aViolín. Manual de cultura y didáctica violonística. | ||
| 250 |
_a1 ed. : _bRicordi Americana, _c1952 |
||
| 300 | _a313 p. | ||
| 650 | _aMusica | ||
| 650 | _aViolín | ||
| 700 |
_aPrincipe, R. _932859 |
||
| 942 | _cBK | ||
| 999 |
_c26790 _d26790 |
||